Statystyki dla Trasa Warszawskiej linii autobusowej 514

Kliknij tutaj aby rozwiązać quiz!

Ogólne statystyki

  • Ten quiz został rozwiązany 12 razy
  • Średni wynik to 30 z 33

Statystyki odpowiedzi

DzielnicaPrzystanek% Poprawnych
ŚródmieścieMarszałkowska
100%
ŚródmieścieMetro Politechnika
100%
ŚródmieścieMetro Politechnika
100%
ŚródmieściePlac Konstytucji
100%
WesołaWesoła-Ratusz
100%
WesołaWola Grzybowska
100%
WesołaWola Grzybowska
100%
WesołaArmii Krajowej
90%
WesołaBrata Alberta
90%
Praga-PołudnieCentrum Handlowe Promenada
90%
WesołaGrzybowa
90%
Praga-PołudnieKanał Gocławski
90%
Praga-PołudnieMiędzynarodowa
90%
Wawer / RembertówOkularowa
90%
RembertówPKP Rembertów
90%
ŚródmieściePlac Na Rozdrożu
90%
Praga-Południe / WawerPłowiecka
90%
Praga-PołudniePoligonowa
90%
Praga-PołudniePrzyczółek Grochowski
90%
ŚródmieścieRozbrat
90%
Praga-PołudnieSaska
90%
WesołaSosnowa
90%
ŚródmieścieTorwar
90%
Praga-PołudnieZajezdnia Ostrobramska
90%
Praga-PołudnieZamieniecka
90%
WesołaChodkiewicza
80%
RembertówDziałyńczyków
80%
WesołaGroszówka
80%
RembertówInstruktorska
80%
RembertówKlasztorna
80%
RembertówNiedziałkowskiego
80%
WesołaRejtana
80%
WesołaWiosenna
80%

Rozkład punktacji

Percentyl według liczby udzielonych odpowiedzi

Procent ludzi z każdym wynikiem

Twoja historia wyników

Nie rozwiązałeś tego quizu